Later cartographic developments
| Published in: | The history of cartography, J.B. Harley and David Woodward, Chicago [etc.], P. 137-155 (1) |
|---|---|
| Main Author: | |
| Content type: | Article |
| Published: |
1992
|
| Source: | MPIPL_cat |
| _version_ | 1863687004840001536 |
|---|---|
| author | Tibbetts, Gerald R. |
| author_facet | Tibbetts, Gerald R. |
| author_search | Tibbetts, Gerald R. |
| author_sort | Tibbetts, Gerald R. |
| author_variant | g r t gr grt |
| collection_details | MPIPL |
| container_reference | P. 137-155 |
| container_start_page | 137 |
| container_title | Cartography in the traditional Islamic and South Asian societies. vol. 2. 1 |
| dedup_id_str | MPIPL_cat.PL0053683 |
| dewey-hierarchy | 0/[Unassigned]/ |
| dewey-hierarchy_str | 0/[Unassigned]/ |
| first_indexed | 2026-03-14T00:40:06Z |
| format | 0/Artikel/ |
| format_str | 0/Artikel/ |
| fullrecord | <?xml version="1.0" encoding="UTF-8"?>
<collection xmlns:xsi="http://www.w3.org/2001/XMLSchema-instance" xsi:schemaLocation="http://www.loc.gov/MARC21/slim http://www.loc.gov/standards/marcxml/schema/MARC21slim.xsd" xmlns="http://www.loc.gov/MARC21/slim">
<record>
<leader>00000naa a2200000 u 4500</leader>
<controlfield tag="001">PL0053683</controlfield>
<controlfield tag="003">PLI01000000000000000053363</controlfield>
<controlfield tag="005">00000000000000.0</controlfield>
<controlfield tag="008"> ||| u </controlfield>
<datafield tag="100" ind1="1" ind2=" ">
<subfield code="a">Tibbetts, Gerald R.</subfield>
</datafield>
<datafield tag="245" ind1="0" ind2="0">
<subfield code="a">Later cartographic developments</subfield>
<subfield code="c">Gerald R. Tibbetts</subfield>
</datafield>
<datafield tag="260" ind1=" " ind2=" ">
<subfield code="c">1992</subfield>
</datafield>
<datafield tag="952" ind1=" " ind2=" ">
<subfield code="h">P. 137-155</subfield>
</datafield>
<datafield tag="996" ind1=" " ind2=" ">
<subfield code="a">Aufsatz</subfield>
</datafield>
<datafield tag="997" ind1=" " ind2=" ">
<subfield code="a">book chapter</subfield>
</datafield>
<datafield tag="773" ind1="0" ind2="8">
<subfield code="t">The history of cartography</subfield>
<subfield code="a">J.B. Harley and David Woodward</subfield>
<subfield code="k">1</subfield>
<subfield code="d">Chicago [etc.]</subfield>
<subfield code="g">P. 137-155</subfield>
<subfield code="w">MPIPL_cat.PL0053654</subfield>
<subfield code="z">0-226-31635-1</subfield>
<subfield code="i">In:</subfield>
</datafield>
</record>
</collection>
|
| hierarchy_parent_id | MPIPL_cat.PL0053654 |
| hierarchy_parent_title | Cartography in the traditional Islamic and South Asian societies. vol. 2. 1 |
| id | MPIPL_cat.PL0053683 |
| illustrated | Not Illustrated |
| institution | MPIPL_cat |
| institution_str | MPIPL_cat |
| isbn | 9780226316352 0-226-31635-1 |
| language | und |
| language_str | und |
| last_indexed | 2026-04-27T23:41:37Z |
| local_fields | Aufsatz |
| online | false |
| online_MPIPL_cat | false |
| online_str | false |
| publishDate | 1992 |
| publishDate_str | 1992 |
| record_format | marc |
| spelling | Tibbetts, Gerald R. Later cartographic developments Gerald R. Tibbetts 1992 The history of cartography J.B. Harley and David Woodward 1 Chicago [etc.] P. 137-155 0-226-31635-1 In |
| spellingShingle | Tibbetts, Gerald R. Later cartographic developments |
| title | Later cartographic developments |
| title_full | Later cartographic developments Gerald R. Tibbetts |
| title_fullStr | Later cartographic developments Gerald R. Tibbetts |
| title_full_unstemmed | Later cartographic developments Gerald R. Tibbetts |
| title_search | Later cartographic developments |
| title_short | Later cartographic developments |
| title_sort | later cartographic developments gerald r tibbetts |